| 000 | 01073cam a2200301 i 4500 | ||
|---|---|---|---|
| 999 |
_c127706 _d127706 |
||
| 001 | 3167753 | ||
| 003 | ARRUPE | ||
| 005 | 20180326091027.0 | ||
| 008 | 760305s1975 sa c b 011 0beng | ||
| 010 | _a 75329056 | ||
| 015 | _aSA*** | ||
| 040 |
_aDLC _cDLC _dDLC |
||
| 043 | _afs----- | ||
| 050 | 0 | 0 |
_aBL2463 _b.R44 |
| 082 | 0 | 0 | _a301.29/68 |
| 245 | 0 | 0 |
_aReligion and social change in Southern Africa : _banthropological essays in honour of Monica Wilson / _cedited by Michael G. Whisson and Martin West. |
| 260 |
_aCape Town : _bD. Philip, _c1975. |
||
| 300 |
_axii, 223 p. : _c25 cm. |
||
| 500 | _aIncludes index. | ||
| 504 | _a"The published works of Monica and Godfrey Wilson": p. [207]-210. | ||
| 600 | 1 | 0 |
_aWilson, Monica Hunter. _939621 |
| 600 | 1 | 0 |
_aWilson, Monica Hunter _vBibliography. _940767 |
| 651 | 0 |
_aAfrica, Southern _xReligion. _940768 |
|
| 700 | 1 |
_aWilson, Monica Hunter. _939621 _eed. |
|
| 700 | 1 |
_aWhisson, Michael G., _d1937- _925688 |
|
| 700 | 1 |
_aWest, Martin Elgar. _925689 _eed. |
|
| 906 |
_a7 _bcbc _corignew _d4 _encip _f19 _gy-gencatlg |
||
| 942 |
_2lcc _cMONOGRAPH |
||